Регионална библиотека "Любен Каравелов" - Русе

Соната (Запис номер 307316)

MARC детайли
000 -Лидер
Контролно поле с фиксирана дължина 01360ncm a2200385 c 4500
003 - Код на организацията, давaща контролен номер
Контролно поле BLK
005 - Дата и час на последна редакция
Контролно поле 20250216004130.0
008 - Елементи от данни с фиксирана дължина
fixed length control field 180414b bul |a|er|||| |0| c|bulo|
010 ## - Наследен системен номер
LC control number NOT00001888000
040 ## - Източник на каталожния запис
Идентификатор на билиотеката - собственик на записа BLK
041 ## - Код за език
Код за езика на текст/звукозапис или на отделно заглавие Руски
Код за езика КДБФ Руски
080 ## - УДК
Текстов определител УДК Сонати за виолончело
УДК код - определител по УДК 787.3.082.2
УДК - код + определител 787.3.082.2
080 ## - УДК
Текстов определител УДК Дуо виолончело и пиано
УДК код - определител по УДК 785.72:787.3:786.2
УДК - код + определител 785.72:787.3:786.2
100 1# - Редна дума - Автор
Автор Бокерини, Луиджи
Авторска отговорност първи автор
R(LIN) 41039
139 ## - Редно поле
Редна дума Бокерини, Луиджи
Авторски знак Боич - Б 60
245 10 - Сведения за заглавието
Заглавие Соната
Подзаглавни данни Для виолончели и фортепиано : До-мажор
Редно поле (дума) Луиджи Бокерини.
254 ## - Сведения за формата на нотното издание
Формат на описваните ноти Клавир
257 ## - Страна на издаване
Страна на създаване/издаване Русия
260 ## - Област на издателските данни
Име на издателя, разпространителя и проч. Музыка 7054
Година на издаване 1971
300 ## - Физическа характеристика
Страници 23 с.
Размери/Мащаб 29 см
Съпровождащи материали 11 с. щим
380 ## - Жанр
Жанр Изкуство
650 #4 - Допълнително описание по предмет – тема
Основно описание – тема или топоним Виолончело
9 (RLIN) 150748
650 #0 - Допълнително описание по предмет – тема
Основно описание – тема или топоним Виолончело - сонати, сонатини, пиеси
9 (RLIN) 353306
650 #0 - Допълнително описание по предмет – тема
Основно описание – тема или топоним Дуо - виолончело и пиано
9 (RLIN) 353305
653 ## - Ключова дума – ненормативна
Ключова дума сонати
653 ## - Ключова дума – ненормативна
Ключова дума виолончело
852 ## - Местоположение
Форматна сигнатура Цб М ІІ 6120
Част 0
856 4# - Електронен адрес и достъп
Електронен формат pdf - файл
Път до файла /url/
856 4# - Електронен адрес и достъп
Електронен формат pdf - файл
Път до файла /url/
999 ## - СИСТЕМНИ КОНТРОЛНИ НОМЕРА
Koha biblionumber 307316
Koha biblioitemnumber 307316
942 ## - АРТИКУЛИ
Вид на библиотечния материал Нотни издания
Скрит в OPAC Не
Периодичен библиозапис Да
944 ## - СЪЗДАВАНЕ И РЕДАКЦИЯ на ЗАПИСА
Създаване/Редакция Създаване
Дата на регистрацията/редакция 09.06.2006
Служител, извършил регистрацията/редакцията
Статус, дата на статуса CRON CRON
944 ## - СЪЗДАВАНЕ И РЕДАКЦИЯ на ЗАПИСА
Създаване/Редакция Редакция
Дата на регистрацията/редакция 07.03.2007
999 ## - СИСТЕМНИ КОНТРОЛНИ НОМЕРА
Koha biblioitemnumber 307316
999 ## - СИСТЕМНИ КОНТРОЛНИ НОМЕРА
Koha biblioitemnumber 307316
Наличности
Код за отписване Код за изгубен артикул Източник на класификационната схема Код за повреда Коз за рестрикции Код за отдаване Артикулен № Име на библиотеката - собственик Име на библиотеката, в която се намира в момента Статус (Текущо местоположение) Дата на вписване в системата Местоположение - отдел Цена в лева Инвентарен номер Систематично азбучна сигнатура Баркод Номер на екземпляра Цена в евро Служебна бележка Служебен тип на артикула
  Не е изгубен Universal Decimal Classification Не е повреден без рестрикции ползва се в читалня 659181 Регионална библиотека "Любен Каравелов" Русе Регионална библиотека "Любен Каравелов" Русе Хранилище 1971-01-01 Хранилище 0.36 123689 Цб М II 6120 900000013971 1 0.18 N: стар фонд Дата: 01.01.1971 Нотни издания
  Не е изгубен Universal Decimal Classification Не е повреден без рестрикции заемане за дома 756805 Регионална библиотека "Любен Каравелов" Русе Регионална библиотека "Любен Каравелов" Русе Отдел Изкуство - подръчен фонд 2020-03-26 Отдел Изкуство - подръчен фонд 0.36 129004 787.3/Б 60 Л 120000129004   0.18   Нотни издания
Vip Innovations Ltd, Rousse, Bulgaria 2025